000 00918cam a2200349 4500500
005 20260329002923.0
041 _afre
042 _adc
100 1 0 _aLegros, Martin
_eauthor
245 0 0 _aMatière à penser / Mars 2014
260 _c2014.
500 _a32
690 _aAdultère
690 _aBanalité du mal
690 _aBoko Aram
690 _aChômage
690 _aConstitution
690 _aEmploi
690 _aEmployeur
690 _aFormation
690 _aGenre
690 _aGeorges Vandenbeusch
690 _aInfidélité
690 _aJeunesse
690 _aRenaissance
690 _aTravail
690 _aTunisie
690 _aVégétal
690 _aYadh Ben Achour
786 0 _nPhilosophie magazine | 77 | 3 | 2014-03-01 | p. 10-10 | 1951-1787
856 4 1 _uhttps://shs.cairn.info/magazine-philosophie-magazine-2014-3-page-10?lang=fr&redirect-ssocas=7080
999 _c1819679
_d1819679